| 000 | 00712cam a2200229 4500 | ||
|---|---|---|---|
| 008 | 090401t1981 xxu||||| |||| 00| 0 eng d | ||
| 020 | _a0854061630 | ||
| 022 | _a0141-1462 | ||
| 035 | _a(Sirsi) u34924 | ||
| 041 | _aeng | ||
| 050 | _a711.1 | ||
| 090 | _aRICS 1981/74ABC | ||
| 110 |
_aRoyal Institution of Chartered Surveyors _bPlanning and Development Division _9956 |
||
| 245 | _aInvestigations of a local authority`s planning policies and proposals: a checklist for practitioners | ||
| 250 | _aRev. ed. | ||
| 260 |
_aLondon _bSurveyors Publications _c1981 |
||
| 300 | _a6p. 30cm | ||
| 350 | _a1.75 | ||
| 490 |
_aRICS Planning and Development Practice Note _v1 |
||
| 942 | _n0 | ||
| 948 | _c04/03/1997 | ||
| 999 |
_c90006 _d90006 |
||